Normal view MARC view
  • Greenberg, Martin Harry

Entry Personal Name

Number of records used in: 1

001 - CONTROL NUMBER

  • control field: 153742

003 - CONTROL NUMBER IDENTIFIER

  • control field: DLC

005 - DATE AND TIME OF LATEST TRANSACTION

  • control field: 20260416161558.0

008 - FIXED-LENGTH DATA ELEMENTS

  • fixed length control field: 790418n| azannaabn |a aaa

010 ## - LIBRARY OF CONGRESS CONTROL NUMBER

  • LC control number: n 79022067
  • Canceled/invalid LC control number: n 83162536
  • Canceled/invalid LC control number: n 83196379
  • Canceled/invalid LC control number: n 84230973
  • Canceled/invalid LC control number: n 87871053
  • Canceled/invalid LC control number: n 90716078
  • Canceled/invalid LC control number: no 97066256

035 ## - SYSTEM CONTROL NUMBER

  • System control number: (OCoLC)oca00255863

040 ## - CATALOGING SOURCE

  • Original cataloging agency: DLC
  • Language of cataloging: eng
  • Description conventions: rda
  • Transcribing agency: DLC
  • Modifying agency: DLC
  • Modifying agency: DLC
  • Modifying agency: OCoLC
  • Modifying agency: DLC
  • Modifying agency: UPB
  • Modifying agency: IAhCCS
  • Modifying agency: DLC
  • Modifying agency: UPB
  • Modifying agency: DLC
  • Modifying agency: OCoLC

046 ## - SPECIAL CODED DATES

  • Birth date: 1941-03-01
  • Death date: 2011-06-25
  • Source of date scheme: edtf

100 1# - HEADING--PERSONAL NAME

  • Personal name: Greenberg, Martin Harry

370 ## - ASSOCIATED PLACE

  • Place of residence/headquarters: Green Bay (Wis.)
  • Source of term: naf

372 ## - FIELD OF ACTIVITY

  • Field of activity: Science fiction
  • Field of activity: Speculative fiction
  • Field of activity: Political science
  • Source of term: lcsh

373 ## - ASSOCIATED GROUP

  • Associated group: University of Wisconsin--Green Bay
  • Source of term: naf
  • Start period: 1975

374 ## - OCCUPATION

  • Occupation: College teachers
  • Occupation: Editors
  • Occupation: Authors
  • Source of term: lcsh

377 ## - ASSOCIATED LANGUAGE

  • Language code: eng

400 1# - SEE FROM TRACING--PERSONAL NAME

  • Personal name: Greenberg, Martin,
  • Dates associated with a name: 1941-2011

400 1# - SEE FROM TRACING--PERSONAL NAME

  • Personal name: Greenberg, Martin H.
  • Fuller form of name: (Martin Harry),
  • Dates associated with a name: 1941-2011

400 1# - SEE FROM TRACING--PERSONAL NAME

  • Personal name: Greenberg, Martin Harry,
  • Dates associated with a name: 1941-2011

510 2# - SEE ALSO FROM TRACING--CORPORATE NAME

  • Control subfield: r
  • Relationship information: Employer:
  • Corporate name or jurisdiction name as entry element: University of Wisconsin--Green Bay

670 ## - SOURCE DATA FOUND

  • Source citation: His Bureaucracy and development: A Mexican case study, 1970.

670 ## - SOURCE DATA FOUND

  • Source citation: Woolrich, C. The fantastic stories of Cornell Woolrich, c1981:
  • Information found: t.p. (Martin H. Greenberg)

670 ## - SOURCE DATA FOUND

  • Source citation: Mysterious visions, c1979:
  • Information found: t.p. (Martin Greenberg)

670 ## - SOURCE DATA FOUND

  • Source citation: Phone call to author, 8/3/82
  • Information found: (often confused with Martin Greenberg, b. 1918, who has been inactive in the science fiction publishing field since the 1960's, and whose middle initial is not H.)

670 ## - SOURCE DATA FOUND

  • Source citation: Those amazing electronic thinking machines, 1983 (a.e.)
  • Information found: t.p. (Martin H. Greenberg)

670 ## - SOURCE DATA FOUND

  • Source citation: Phone call to author, 11-08-95
  • Information found: (Martin Harry Greenberg, b. 1941; "book packager"; prof. of pol. sci., Univ. of Wisc., Green Bay until end of year)

670 ## - SOURCE DATA FOUND

  • Source citation: Homicidal acts, 1989:
  • Information found: t.p. (edited by ... Martin H. Greenberg) p. 245 (has compiled over 200 anthologies, including nine in Fawcett's Best of the West series; noted scholar; teaches at the Univ. of Wis. in Green Bay)

670 ## - SOURCE DATA FOUND

  • Source citation: 14 vicious valentines, 1988:
  • Information found: t.p. (edited by Martin Harry Greenberg and Charles G. Waugh; introduced by Isaac Asimov) p. ii (editor with Carol-Lynn Rössel Waugh, Charles G. Waugh, and Isaac Asimov of The twelve crimes[=frights?] of Christmas and 13 horrors of Halloween)

670 ## - SOURCE DATA FOUND

  • Source citation: Cont. authors online, Dec. 14, 2001
  • Information found: (Charles G(ordon) Waugh; editor with Isaac Asimov and Martin Harry Greenberg of many science, mystery, fantasy and horror fiction anthologies including The twelve frights of Christmas (1986))

670 ## - SOURCE DATA FOUND

  • Source citation: Tom Clancy's power plays, 1997:
  • Information found: t.p. (Martin Greenberg)

670 ## - SOURCE DATA FOUND

  • Source citation: Wikipedia, WWW. Feb. 15, 2011:
  • Information found: (b. 3/1/1941; an American speculative fiction anthologist and writer; has taught political science at the University of Wisconsin--Green Bay since 1975)

670 ## - SOURCE DATA FOUND

  • Source citation: Locus, Aug. 2011:
  • Information found: p. 62 (Martin H(arry) Greenberg, d. June 25, 2011; published 1970s to 2011 with more forthcoming)
Devinim Yazılım Eğitim Danışmanlık tarafından Koha'nın orjinal sürümü uyarlanarak geliştirilip kurulmuştur.